000 00542nam a22001697a 4500
999 _c12099
_d12099
008 190116b ||||| |||| 00| 0 eng d
020 _a971-542-291-8
082 _22001
_aDFil 899.211
_bP53
245 _aWhen the sky was low (Mamanwa) /
_cDamiana L. Eugenio (Compiler and Editor)
260 _aQuezon City:
_bUP Press,
_c2001
300 _aPage 109;
_c23 cm.
500 _aPhilippine Folk Literature
650 _aMythology
_934311
650 _aLegends
_934312
650 _aPhilippine folk literature (English)
_934313
942 _2ddc
_cDFIL